Nursing Laboratory and Diagnostic Tests: (Record no. 183404)
[ view plain ]
| 000 -LEADER | |
|---|---|
| fixed length control field | 00601 a2200181 4500 |
| 005 - DATE AND TIME OF LATEST TRANSACTION | |
| control field | 20211224114716.0 |
| 010 ## - LCCN (DPL NO) | |
| LC control number | ENG-130594 |
| 020 ## - INTERNATIONAL STANDARD BOOK NUMBER | |
| International Standard Book Number | 978-93-89538-60-1 |
| Terms of availability | 725.00 |
| 035 ## - SYSTEM CONTROL NUMBER | |
| System control number | EN-114126 |
| 037 ## - SOURCE OF ACQUISITION | |
| Source of stock number/acquisition | DBAD/PUB |
| 082 ## - DEWEY DECIMAL CLASSIFICATION NUMBER | |
| Classification number | 616.075 |
| 100 ## - MAIN ENTRY--PERSONAL NAME | |
| Personal name | R.N. James Keogh |
| 245 ## - TITLE STATEMENT | |
| Title | Nursing Laboratory and Diagnostic Tests: |
| Statement of responsibility, etc | James Keogh R.N. |
| 260 ## - PUBLICATION, DISTRIBUTION, ETC. (IMPRINT) | |
| Place of publication, distribution, etc | Chennai |
| Name of publisher, distributor, etc | McGraw Hill Education(india) Private Limited |
| Date of publication, distribution, etc | 2022 |
| 270 ## - ADDRESS | |
| Address | Anjana Complex No.5 /90 A, Butt Road, St. Thomas Mount |
| City | Chennai |
| Postal code | 600016 |
| 300 ## - PHYSICAL DESCRIPTION | |
| Extent | 321p. |
| Dimensions | 28cm (pbk) |
| 942 ## - ADDED ENTRY ELEMENTS (KOHA) | |
| Institution code [OBSOLETE] | dpl |
| Item type | English Books |
| Source of classification or shelving scheme | Dewey Decimal Classification |
| Classification part | 616.075 |
| Call number suffix | KEO |
| Withdrawn status | Lost status | Not for loan | Collection code | Home library | Current library | Date acquired | Source of acquisition | Cost, normal purchase price | Full call number | Barcode | Copy number | Cost, replacement price | Koha item type |
|---|---|---|---|---|---|---|---|---|---|---|---|---|---|
| Non-fiction | Mobile Library | Mobile Library | 24/12/2021 | DBAD/PUB | 725.00 | 616.075 KEO | EN-114126 | 1 | 725.00 | English Books |
